Samogłoski w polskim alfabecie z opisu - Statystyki

Ogólne statystyki
  • Ten quiz został rozwiązany 13 razy
  • Średni wynik to 3 z 8
Statystyki odpowiedzi
Podpowiedź Odpowiedź % Poprawnych
Samogłoska otwarta centralna niezaokrąglona a
75%
Samogłoska przymknięta tylna zaokrąglona u/ó
63%
Samogłoska półotwarta tylna zaokrąglona ustna o
50%
Samogłoska półprzymknięta centralna niezaokrąglona y
50%
Samogłoska półotwarta przednia niezaokrąglona ustna e
38%
Samogłoska przymknięta przednia niezaokrąglona i
25%
Samogłoska półotwarta tylna zaokrąglona nosowa ą
13%
Samogłoska półotwarta przednia niezaokrąglona nosowa ę
13%
Nie znaleziono quizów pasujących do podanych kryteriów
Rozkład punktacji
Procent ludzi z każdym wynikiem
Percentyl według liczby udzielonych odpowiedzi
Twoja historia wyników
Nie rozwiązałeś tego quizu